Before sunrise / (Record no. 22535)

000 -LEADER
fixed length control field 01369nam a22002537a 4500
008 - FIXED-LENGTH DATA ELEMENTS--GENERAL INFORMATION
fixed length control field 260416b xxu||||| |||| 00| 0 eng d
040 ## - CATALOGING SOURCE
Transcribing agency Cagayan State Unversity
082 ## - DEWEY DECIMAL CLASSIFICATION NUMBER
Classification number 791.4372
Item number B415 1995
245 ## - TITLE STATEMENT
Title Before sunrise /
Statement of responsibility, etc directed by Richard Linklater ; written by Kim Krizan ; produced by Anne Walker-McBay.
260 ## - PUBLICATION, DISTRIBUTION, ETC. (IMPRINT)
Place of publication, distribution, etc United States :
Name of publisher, distributor, etc Castle Rock Entertainment ; Detour Filmproduction ; Filmhaus Films,
Date of publication, distribution, etc 1995.
300 ## - PHYSICAL DESCRIPTION
Extent 1 videofile, (ca. 101 min.) :
Other physical details sound, color.
500 ## - GENERAL NOTE
General note Reviewers say 'Before Sunrise' is acclaimed for its authentic romance, deep conversations, and the compelling chemistry between Ethan Hawke and Julie Delpy. The minimalist plot and lack of traditional conflict highlight the emotional journey and introspective dialogue. Vienna's picturesque setting enhances the romantic atmosphere, while the film's exploration of fleeting love resonates deeply. Its simplicity and unconventional structure make it a standout romantic film.
546 ## - LANGUAGE NOTE
Language note In English language.
650 ## - SUBJECT ADDED ENTRY--TOPICAL TERM
Topical term or geographic name as entry element Comedy
650 ## - SUBJECT ADDED ENTRY--TOPICAL TERM
Topical term or geographic name as entry element Tragic Romance
650 ## - SUBJECT ADDED ENTRY--TOPICAL TERM
Topical term or geographic name as entry element Romantic Drama
700 ## - ADDED ENTRY--PERSONAL NAME
Personal name Richard Linklater, director and writer.
700 ## - ADDED ENTRY--PERSONAL NAME
Personal name Krizan, Kim, writer.
700 ## - ADDED ENTRY--PERSONAL NAME
Personal name Walker-McBay, Anne, producer.
700 ## - ADDED ENTRY--PERSONAL NAME
Personal name Hawke, Ethan, star.
700 ## - ADDED ENTRY--PERSONAL NAME
Personal name Delpy, Julie, star.
700 ## - ADDED ENTRY--PERSONAL NAME
Personal name Eckert, Andrea, star.
942 ## - ADDED ENTRY ELEMENTS (KOHA)
Source of classification or shelving scheme
Item type Audio-Visual Materials
Holdings
Source of acquisition Price effective from Permanent location Date last seen Not for loan Date acquired Source of classification or shelving scheme Koha item type Collection code Shelving location Damaged status Lost status Withdrawn status Current location Full call number
Donation2026-04-16Cagayan State University - Carig Library2026-04-16 2026-04-16 Audio-Visual MaterialsElectronic Media CenterAudio Visual   Cagayan State University - Carig Library791.4372 B415 1995

Cagayan State University University Library, Carig Campus
Tuguegarao City, Cagayan 3500 | www.csucarig.edu.ph

Powered by Koha